000
00216 a2200097 4500
001
48473
100
_a
Maufrais, R
245
_a
Journey without return
260
_a
London
_b
William kimber
_c
090
_c
31409
_d
31409
942
_a
NUST-CAE
_c
M
_c
23791
999
_c
283546
_d
283546